[Rezension von: Crispin, David, 1982-, Ihr Gott kämpft jeden Tag für sie]
Saved in:
| Main Author: | |
|---|---|
| Format: | Review |
| Language: | German |
| Published: |
Köln
Böhlau Verlag
2020
Heidelberg Universitätsbibliothek Heidelberg 2020 |
| DOI: | 10.11588/heidok.00038379 |
| Subjects: | |
| Online Access: | Resolving-System, kostenfrei: https://nbn-resolving.de/urn:nbn:de:bsz:16-heidok-383799 Resolving-System, kostenfrei: https://doi.org/10.11588/heidok.00038379 Verlag, kostenfrei, Volltext: http://www.ub.uni-heidelberg.de/archiv/38379 |
| Author Notes: | Jaspert Nikolas |
MARC
| LEADER | 00000cam a2200000 c 4500 | ||
|---|---|---|---|
| 001 | 1968534539 | ||
| 003 | DE-627 | ||
| 005 | 20260415113803.0 | ||
| 007 | cr uuu---uuuuu | ||
| 008 | 260414s2020 xx |||||oo 00| ||ger c | ||
| 024 | 7 | |a urn:nbn:de:bsz:16-heidok-383799 |2 urn | |
| 024 | 7 | |a 10.11588/heidok.00038379 |2 doi | |
| 035 | |a (DE-627)1968534539 | ||
| 035 | |a (DE-599)KXP1968534539 | ||
| 040 | |a DE-627 |b ger |c DE-627 |e rda | ||
| 041 | |a ger | ||
| 082 | 0 | 4 | |a 900 |
| 084 | |a 63 |2 sdnb | ||
| 100 | 1 | |a Jaspert, Nikolas |d 1962- |e VerfasserIn |0 (DE-588)124542115 |0 (DE-627)363409475 |0 (DE-576)176618031 |4 aut | |
| 245 | 1 | 0 | |a [Rezension von: Crispin, David, 1982-, Ihr Gott kämpft jeden Tag für sie] |c Jaspert Nikolas |
| 264 | 1 | |a Köln |b Böhlau Verlag |c 2020 | |
| 264 | 1 | |a Heidelberg |b Universitätsbibliothek Heidelberg |c 2020 | |
| 300 | |a 1 Online-Ressource (3 Seiten) | ||
| 336 | |a Text |b txt |2 rdacontent | ||
| 337 | |a Computermedien |b c |2 rdamedia | ||
| 338 | |a Online-Ressource |b cr |2 rdacarrier | ||
| 655 | 7 | |a Rezension |0 (DE-588)4049712-4 |0 (DE-627)106186019 |0 (DE-576)209083166 |2 gnd-content | |
| 700 | 1 | |a Crispin, David |d 1982- |e VerfasserIn des Bezugswerks |0 (DE-588)1185534091 |0 (DE-627)1664884890 |4 ant | |
| 787 | 0 | 8 | |i Rezension von |a Crispin, David, 1982 - |t Ihr Gott kämpft jeden Tag für sie |d Paderborn : Ferdinand Schöningh, 2019 |h 1 Online-Ressource (VIII, 241 Seiten) |w (DE-627)1675882061 |z 9783657792429 |
| 856 | 4 | 0 | |u https://nbn-resolving.de/urn:nbn:de:bsz:16-heidok-383799 |q application/pdf |x Resolving-System |z kostenfrei |7 0 |
| 856 | 4 | 0 | |u https://doi.org/10.11588/heidok.00038379 |x Resolving-System |z kostenfrei |7 0 |
| 856 | 4 | 0 | |u http://www.ub.uni-heidelberg.de/archiv/38379 |q application/pdf |x Verlag |z kostenfrei |3 Volltext |7 0 |
| 912 | |a ZDB-232-HEDO | ||
| 951 | |a BO | ||
| 992 | |a 20260414 | ||
| 993 | |a Review | ||
| 994 | |a 2020 | ||
| 998 | |g 124542115 |a Jaspert, Nikolas |m 124542115:Jaspert, Nikolas |d 70000 |d 72000 |d 72020 |e 70000PJ124542115 |e 72000PJ124542115 |e 72020PJ124542115 |k 0/70000/ |k 1/70000/72000/ |k 2/70000/72000/72020/ |p 1 |x j |y j | ||
| 999 | |a KXP-PPN1968534539 |e 4952367037 | ||
| BIB | |a Y | ||
| JSO | |a {"person":[{"display":"Jaspert, Nikolas","given":"Nikolas","family":"Jaspert","role":"aut"},{"family":"Crispin","role":"ant","display":"Crispin, David","given":"David"}],"type":{"media":"Online-Ressource","bibl":"book"},"origin":[{"dateIssuedDisp":"2020","publisherPlace":"Köln ; Heidelberg","dateIssuedKey":"2020","publisher":"Böhlau Verlag ; Universitätsbibliothek Heidelberg"}],"name":{"displayForm":["Jaspert Nikolas"]},"title":[{"title_sort":"[Rezension von: Crispin, David, 1982-, Ihr Gott kämpft jeden Tag für sie]","title":"[Rezension von: Crispin, David, 1982-, Ihr Gott kämpft jeden Tag für sie]"}],"physDesc":[{"extent":"1 Online-Ressource (3 Seiten)"}],"recId":"1968534539","language":["ger"],"id":{"eki":["1968534539"],"uri":["urn:nbn:de:bsz:16-heidok-383799"],"doi":["10.11588/heidok.00038379"]}} | ||
| SRT | |a JASPERTNIKREZENSIONV2020 | ||